Consideracions sobre les interpretacions dels personatges de Shakespeare / M. Morera i Galicia
Descripción Física:
10 p. ; 26 cm
MARC
| LEADER | 00000nam a2200000Ia 4500 | ||
|---|---|---|---|
| 001 | 9249 | ||
| 008 | 160829s1921 xx 000 0 cat d | ||
| 080 | |a RF-10-11 | ||
| 100 | |a Morera i Galícia, Magí |9 36729 | ||
| 245 | |a Consideracions sobre les interpretacions dels personatges de Shakespeare / M. Morera i Galicia | ||
| 260 | |a Barcelona : |b Escola Catalana d'Art Dramàtic, |c 1921 | ||
| 300 | |a 10 p. ; |c 26 cm | ||
| 490 | |a Publicacions de l'Escola Catalana d'Art Dramàtic | ||
| 650 | |a Shakespeare, William |x Representacions |9 36730 | ||
| 650 | |a Shakespeare, William |x Personatges |9 36731 | ||
| 710 | 2 | |a Escola Catalana d'Art Dramàtic |9 55259 | |
| 856 | 4 | |u https://media.diba.cat/diba/fitxers/arxiu/fulletons/bib_9249_1921_baixa.pdf |y Accés lliure | |
| 856 | 4 | |u https://media.diba.cat/diba/fitxers/arxiu/fulletons/bib_9249_1921_baixa.pdf |y Accés lliure | |
| 901 | |a Arxiu | ||
| 942 | |n 1 |2 udc | ||
| 952 | |0 0 |1 0 |4 0 |6 RF1011 |7 1 |9 47466 |a Arxiu |b Arxiu |d 2016-12-01 |l 0 |o RF-10-11 |p 9249 |r 2016-12-01 00:00:00 |w 2016-12-01 |y ARXIU | ||
| 999 | |c 51264 |d 51264 | ||
| 900 | |a bib_9249_1921_baixa.pdf | ||